Použitie zaplatenej dane na osobitné účely

O možnosti použitia 1 percenta zo zaplatenej dane na osobitné účely pre právnické osoby od 1. 1. 2002. Vymedzenie daňovníkov, na ktorých sa vzťahuje ustanovenie ­ 51a zákona o daniach z príjmov. Postup daňovníka pri aplikácii tohto ustanovenia.

Guardado en:
Detalles Bibliográficos
Formato: Capítulo de libro
Lenguaje:eslovaco
Materias:
Etiquetas: Agregar Etiqueta
Sin Etiquetas, Sea el primero en etiquetar este registro!

MARC

LEADER 00000naa a2200000 4500
001 r045761
005 20230925125832.7
041 0 |a slo 
044 |a SK 
245 1 0 |a Použitie zaplatenej dane na osobitné účely 
520 |a O možnosti použitia 1 percenta zo zaplatenej dane na osobitné účely pre právnické osoby od 1. 1. 2002. Vymedzenie daňovníkov, na ktorých sa vzťahuje ustanovenie ­ 51a zákona o daniach z príjmov. Postup daňovníka pri aplikácii tohto ustanovenia. 
610 2 0 |a dane z príjmov 
610 2 0 |a daňovníci 
610 2 0 |a osoby právnické 
610 2 0 |a služby verejnoprospešné 
610 2 0 |a úpravy právne